000
00428nam a2200145Ia 4500
008
100204s9999 xx 000 0 und d
082
_b
16514
100
_a
सवाखंडे द. शि.
245
_a
मरणकळा
260
_b
"चेतश्री प्रकाशन , अमळनेर"
_c
1993
300
_a
178
630
_a
मरणकळा
730
_a
मरणकळा
942
_c
BOOK
999
_c
460937
_d
460934